000 00482nam a2200169Ia 4500
003 GCL
008 140319s9999 xx 000 0 ara d
040 _aGCL /
_cGCL
082 0 4 _a301.01
_bق ع
100 1 _aقبارى اسماعيل
245 1 0 _aعلم الاجتماع والايديولوجيات /
_cقبارى اسماعيل
260 _a[S.N] :
_bالمكتب العربى الحديث
300 _a288
490 _a
650 0 4 _aالاجتماع
942 _2ddc
_cBK
999 _c55164
_d55164